Представление документа в формате RUSMARC

ПолеНазваниеЗначение
  Тип записи a
  Библиографический уровень m
001 Контрольный номер RU/SLIB/B/208741874
005 Дата корректировки 20201206204058.6
010 Индекс ISBN __
a ISBN 5-85129-121-4
d Цена 175-50
101 Язык документа __
a Язык текста rus
c Язык оригинала rus
200 Заглавие и сведения об ответственности 0_
a Заглавие Пропавший заговор: Достоевский и политический процесс 1849 г.
f Первые сведения об ответственности И. Л. Волгин
b Общее обозначение материала Текст
210 Выходные данные __
a Место издания М.
c Издательство Либерея
d Дата издания 2000
215 Физическое описание __
a Объем 703 с.
327 Примечание о содержании __
a Примечание о содержании Достоевский и политический процесс 1849 г.
330 Аннотация __
a Аннотация Книга посвящена аспектам политического процесса и роли в нем Достоевского.
600 Персоналии __
a Персоналии (Фамилия) Достоевский, Ф. М.
606 Тематические рубрики __
a Основная рубрика Литературоведение
z Хронологическая подрубрика 1849 г.; 19 в.
606 Тематические рубрики __
a Основная рубрика Русская литература XIX в.
606 Тематические рубрики __
a Основная рубрика История
606 Тематические рубрики __
a Основная рубрика Россия в XVIII в. - 1917 г.
610 Ключевые слова __
a Ключевые слова прозаики; писатели; политические процессы; смертная казнь; персоналии; политика
686 Индексы других классификаций __
a Классификационный индекс 83.3(2Рос=Рус)1-8
686 Индексы других классификаций __
a Классификационный индекс 63.3(2)521; ст83.3(2Рос=Рус)1 + ст63.3(2)521
700 Автор _1
a Фамилия Волгин
b Имя И. Л.
4 Код отношения 070
801 Источник записи _0
a Страна RU
b Организация Муниципальное бюджетное учреждение культуры "Централизованная библиотечная система" г. Сургут (Центральная городская библиотека им. А. С. Пушкина)
g Правила каталогизации КиК/Тесленко
801 Источник записи _1
a Страна RU
b Организация Муниципальное бюджетное учреждение культуры "Централизованная библиотечная система" г. Сургут (Центральная городская библиотека им. А. С. Пушкина)
g Правила каталогизации КиК/Тесленко
852 Данные о местонахождении __
j Шифр хранения 83.3(2Рос=Рус)1-8
c Каталожный индекс 83.3(2Рос=Рус)1-8; 63.3(2)47
i Авторский знак В 67
901 Тип документа __
t Тип документа m
903 Характеристики (МАРС) __
a Дата передачи 20030603
990 Данные о заказе (DOS) __
j Количество экземпляров (DOS) 4
t N записи в КСУ для И/У (DOS) 200306